All Countries in Ticket to Ride: Europe - Statistics

General Stats
  • This quiz has been taken 36 times
  • The average score is 14 of 18
Answer Stats
Countries % Correct
Spain
97%
United Kingdom
97%
Austria-Hungary
94%
France
94%
Germany
94%
Italy
94%
Switzerland
88%
Belgium
84%
Sweden
84%
Netherlands
81%
Turkey
81%
Denmark
78%
Greece
78%
Bulgaria
75%
Poland
75%
Romania
75%
Bosnia and Herzegovina
47%
Russian Empire
31%
No matching quizzes found
Score Distribution
Percent of People with Each Score
Percentile by Number Answered
Your Score History
You have not taken this quiz